000 00407pam a2200157a 44500
008 230515b1989 xxu||||| |||| 00| 0 eng d
020 _aNULL
041 _aENGLISH
082 _a696.1 /SMI/SLA
100 _aSMITH LEE / SLATER HARRY
245 _aPLUMBING TECHNOLOGY DESIGN AND INSTALLATION
250 _aNULL
260 _aNULL
_bDELMAR PUBLISHER NEW DELHI
_c1989
300 _a446 HB
650 _aNULL
999 _c620881
_d620881